| 000 | 00441nam a2200169Ia 4500 | ||
|---|---|---|---|
| 008 | 230917s9999||||xx |||||||||||||| ||und|| | ||
| 020 | _cGBP29.99 | ||
| 040 |
_e235324 _aMAIN |
||
| 041 | _aEnglish | ||
| 082 | _a394.2 G335F | ||
| 100 | _aGetz, Donald | ||
| 245 | 0 | _aFoodies and food tourism | |
| 260 |
_bGoodfellow Publishers _c2014 |
||
| 300 | _aviii, 239 p. | ||
| 500 | _a2420 14/10/2016 IBS16/451 17/10/2016 Main Budget | ||
| 942 | _cBK | ||
| 999 |
_c19514 _d19514 |
||